| 000 | 00443cam a22001331 4500 | ||
|---|---|---|---|
| 082 |
_a940.4 _bKEA _cD |
||
| 100 | 1 |
_aKearsey, A. _949652 |
|
| 245 | 0 | 0 |
_aNotes and comments on the Dardanelles campaign, _bwith four maps, _cby A. Kearsey... |
| 260 |
_aAldershot, _aLondon [etc.] _bGale & Polden, ltd. _c[1934] |
||
| 300 |
_axviii, 147 p. _b4 fold. maps. _c22 cm. |
||
| 526 |
_a0 _b0 _c0 _d940_400000000000000_KEA |
||
| 650 |
_aMCE _9379 |
||
| 942 |
_2ddc _cBK |
||
| 999 |
_c552445 _d552445 |
||